000 01220nam0a2200313 4500
001 RU\NLR\bibl\816408
005 20260405123341.0
010 _a5-98692-005-8
_9100
021 _aRU
_b2005-12010
_9616
035 _a(NLR Aleph) 000805431
090 _a1207705
_c1207705
100 _a20050707d2005 |||y0rusy50 ca
101 0 _arus
102 _aRU
105 _ay |||||||||
200 1 _aУфимский край - Бхарата - Арьяна Ваэджа - место явления спасителя Саошианта Зороастра
_fВалитов Наил
210 _aУфа
_c[б.и.]
_d2005
215 _a28,[3] с.
_d21
300 _aВ конце кн. авт.: Валитов Н.Ф. - подполк.
320 _aБиблиогр. в конце кн.
607 _aУфа, город (Башкирия)
_xИстория
_xОригинальные теории
_92337934
_3RU\NLR\auth\661397666
686 _aТ3(2Р-6Б-2У)
700 1 _4070
_8rus
_7ca
_aВалитов
_bН. Ф.
_f1953-
_gНаил Фасхутдинович
_3RU\NLR\auth\7749039
_931974
801 0 _aRU
_bNLR
_c20050707
_grcr
801 1 _aRU
_bNLR
_c20050707
942 _cBOOK
980 _aNB
980 _aNBR